000
00394nam a22001697a 4500
003
MPLRDC
005
20220104123715.0
008
210129b ||||| |||| 00| 0 eng d
082
_a
419.92 ZW
100
_a
不详
245
_a
十大名医
_c
260
_a
_b
钟文出版社
_c
300
_b
平
490
_a
十大系列丛书. 2
650
_a
医疗界传记
942
_c
BK
_o
419.92 ZW
999
_c
13553
_d
13543